Microeconomics : Theory/Applications

Gardado en:
Detalles Bibliográficos
Autor Principal: Mansfield, Ewin
Formato: Libro
Idioma:Undetermined
Publicado: New York W. W. Norton & Company 1985
Những chủ đề:
Các nhãn: Engadir etiqueta
Sen Etiquetas, Sexa o primeiro en etiquetar este rexistro!
Thư viện lưu trữ: Trung tâm Học liệu Trường Đại học Cần Thơ
LEADER 00475nam a2200181Ia 4500
001 CTU_78787
008 210402s9999 xx 000 0 und d
082 |a 338.5 
082 |b M287 
100 |a Mansfield, Ewin 
245 0 |a Microeconomics : 
245 0 |b Theory/Applications 
245 0 |c Ewin Mansfield 
260 |a New York 
260 |b W. W. Norton & Company 
260 |c 1985 
650 |a Microeconomies 
980 |a Trung tâm Học liệu Trường Đại học Cần Thơ